000 01965nam a2200445 c 4500
003 BLK
005 20240916181109.0
008 180408b bul|||||r ||||||| ||bul||
010 _aKNG00085958000
020 _a978-954-357-161-1
_bиздат.: ЕМАС
040 _aBLK
041 _aBUL
_cBUL
080 _aЛитературна естетика. Философия на литературата
_b82.01
_x
_z82.01
080 _aБългарска литература
_b821.163.2
_x.015
_z821.163.2.015
080 _aТеория и естетика на театъра и сцената, режисура
_b792.01
_x
_z792.01
100 1 _aКортенска, Мирослава Стефанова
_eпърви автор
_9370483
139 _aКортенска, Мирослава Стефанова
_bК 85
245 1 0 _aКултурната мисия на кръга "Мисъл"
_bПенчо Славейков, д-р Кръстев, Пейо Яворов, Петко Тодоров
_cМирослава Стефанова Кортенска.
257 _aBGR
260 София
_bЕМАС
_c2008
300 _a383 с.
_bс ил.
_c20 см
380 _a82
500 _aБиблиогр. с. 181-182
504 _a181-182
590 _aф
650 4 _aЛитература - теория и естетика
_9241540
650 4 _aЛитературни направления - в българската литература
_9251706
650 4 _aМодернизъм - в изкуството и литературата
_9241538
650 4 _aТеатър - естетика
_9255084
653 _aлитературна естетика
653 _aмодернизъм
653 _aтеатър
653 _aестетика
852 _aЦб 241572
856 4 _qpdf
_u
856 4 _qpdf
_u
942 _cKNG
_n0
_01
944 _aCR
_c20.10.2008
_k30575
_lМартин Енчев
944 _aED
_c02.07.2009
_k
999 _c81454
_d81454